000 01144nam a22003737a 4500
001 0009286
003 KOHA_MİRAKIL
005 20260207001704.0
007 ta
008 091120b2003 tu |||gr||||#||||0|tur |
020 _a9755915672
_c19,5
040 _aTR-BiSEU
_btur
_cTR-BiSEU
_erda
041 0 _atur
044 _ctu
050 _aTJ265
_b.A48 2003
100 1 _aAltınışık, Kemal.
245 1 _aUygulamalarla ısı transferi/
_cKemal Altınışık ; Kemal Altınışık.
264 1 _aAnkara :
_bNobel Yayın Dağıtım
_c2003
300 _a XVIII, 300 sayfa: resimli
336 _ametin
_btxt
_2rdacontent
337 _aaracısız
_bn
_2rdamedia
338 _acilt
_bnc
_2rdacarrier
490 1 _aNobel yayın ;
_vno.
490 1 _a587.
490 1 _aTeknik ve matematik dizi ;
_vno.78.
500 _a"Kitap, 215 çözülmemiş problem içermektedir."
500 _aKaynakça ve dizin var.
650 0 _aIsı--İletim.
_97407
650 0 _aHeat--Transmission.
_92209
830 1 _aNobel yayın ;
_vno.
_91510
830 1 _a587.
_923101
830 1 _aTeknik ve matematik dizi ;
_vno.78.
_923102
942 _2lcc
_cBK
999 _c9258
_d9258